00557 2200205 4500001002100000005001500021008004100036020001800077035001900095041000700114082000800121090001400129100001900143700001800162245007900180250001000259260003000269300002900299650002300328INLIS00000000001249420241224114357241224||||||||| | ||| |||| || |  a979-794-312-7 0010-1224012494 aid0 a004 a004 TAU p0 aTaufik Hidayat0 aNina Istiadah00aPanduan lengkap menguasai spss 19 untuk mengolah data statistik penelitian aCet.1 aJakartabMEDIA KITAc2011 a338 hlm ,; 15 cm x 23 cm 0akomputer statistik